"Of Something" Geography - Statistics

General Stats
  • This quiz has been taken 34,440 times
    34,384 since last reset
  • The average score is 12 of 20
Answer Stats
Hint Answer % Correct
Colossal sculpture in New York Harbor Statue of {Liberty}
100%
Series of fortifications which stretches over 20,000 km {Great} {Wall} of China
98%
It stretches from Florida to Yucatan Gulf of {Mexico}
93%
Galileo supposedly dropped two cannonballs from it {Leaning} {Tower} of Pisa
87%
Volcanic area that nearly surrounds the Pacific Ocean {Ring} of Fire
87%
Japan's nickname The Land of the {Rising} {Sun}
87%
British Crown dependency in the Irish Sea Isle of {Man}
82%
Peninsula on which Somalia is situated {Horn} of Africa
78%
Yap, Chuuk, Pohnpei, and Kosrae Federated States of {Micronesia}
71%
Famous collapsed natural gas field in Turkmenistan Gates of {Hell}
69%
Capital of Trinidad and Tobago Port of {Spain}
55%
Place near Luxor where the tombs of pharaoh were carved in stone Valley of the {Kings}
50%
Afghanistan's nickname The {Graveyard} of Empires
48%
Egypt's nickname The Gift of the {Nile}
47%
One of the columns from the above is the ... Rock of {Gibraltar}
40%
Islamic shrine on the Temple Mount Dome of the {Rock}
39%
Building where the Parliament of the UK meets Palace of {Westminster}
39%
Unofficial nickname of Illinois Land of {Lincoln}
28%
The meaning of Dar es Salaam House of {Peace}
22%
Columns represented in the Spanish coat of arms Pillars of {Hercules}
22%
No matching quizzes found
Score Distribution
Percent of People with Each Score
Percentile by Number Answered
Your Score History
You have not taken this quiz since the last reset